[Event "FRA-ch op-B"]
[Site "Val d'Isere"]
[Date "2002.??.??"]
[Round "2.4"]
[White "Hoareau, Nicolas"]
[Black "Thomas, Philippe"]
[Result "1-0"]
[WhiteElo "1980"]
[BlackElo "1800"]
[PlyCount "77"]
[EventDate "2002.08.20"]
[EventType "swiss"]
[EventRounds "11"]
[EventCountry "FRA"]
[SourceTitle "EXT 2003"]
[Source "ChessBase"]
[SourceDate "2002.11.25"]
[SourceVersion "1"]
[SourceVersionDate "2002.11.25"]
[SourceQuality "1"]

1. c4 f5 2. Nf3 Nf6 3. g3 e6 4. Bg2 c6 5. 0-0 d5 6. d4 Bd6 7. b3 0-0 8. Ba3 Ne4 9. Bxd6 Qxd6 10. Qc2 Na6 11. a3 Bd7 12. Nbd2 Nc7 13. Ne5 Nxd2 14. Qxd2 Rad8 15. c5 Qe7 16. a4 g5 17. f4 h6 18. Ng6 Qg7 19. Nxf8 Rxf8 20. e3 Ne8 21. b4 a6 22. Rfb1 Nf6 23. Kh1 Nh5 24. Bf3 g4 25. Be2 Nf6 26. Bd3 h5 27. b5 axb5 28. axb5 Qh6 29. Qe1 Rf7 30. Ra8+ Kh7 31. Rb8 Be8 32. bxc6 Bxc6 33. Bb5 Ne4 34. Bxc6 bxc6 35. R1b7 Rxb7 36. Rxb7+ Kh8 37. Qa5 Nf6 38. Qd8+ Ng8 39. Rb8 1-0